| 000 | 00641cam a2200181 i 4500 | ||
|---|---|---|---|
| 001 | ob2008000009 | ||
| 005 | 20191205121545.0 | ||
| 008 | 080715s pl ||||| b |001|||pol|| | ||
| 040 |
_aOlszt 008/BB _cOlszt 008/BB |
||
| 041 | 0 | _apol | |
| 100 | 1 | _aLamberti, Maria Jolanta. | |
| 245 | 0 | 0 |
_aBibliografia zawartości Roczników Historycznych : _bR. I-L (1-50, za lata 1925-1984) / _cMaria Jolanta Lamberti, Wojciech Sokołowski. |
| 260 |
_a[Warszawa : _bPaństwowe Wydawnictwo Naukowe, _c1985]. |
||
| 300 |
_a96 s. ; _c24 cm. |
||
| 690 | _aBibliografie. | ||
| 690 | _aPrasoznawstwo. | ||
| 700 | 1 |
_aSokołowski, Wojciech _d(-2005). _eWspółaut. |
|
| 999 | 0 | 0 |
_a369 _c264 _d264 |